Stati affacciati sull'Oceano Pacifico - Statistics

Statistiche generali
  • Questo quiz è stato fatto 27 volte
  • Il punteggio medio è 39 su 41
Statistiche sulle risposte
Continente Stato % Corretto
Oceania Australia
100%
America del Nord Canada
100%
America del Sud Cile
100%
Asia Corea del Nord
100%
Asia Corea del Sud
100%
America del Sud Ecuador
100%
Asia / Oceania Indonesia
100%
Oceania Isole Salomone
100%
America del Nord Messico
100%
Oceania Nauru
100%
America del Nord Panama
100%
Asia / Europa Russia
100%
America del Nord Stati Uniti
100%
Oceania Tuvalu
100%
Asia Cambogia
95%
Asia Cina
95%
America del Sud Colombia
95%
Oceania Figi
95%
Asia Filippine
95%
Asia Giappone
95%
America del Nord Guatemala
95%
Oceania Isole Marshall
95%
Asia Malaysia
95%
America del Nord Nicaragua
95%
Oceania Nuova Zelanda
95%
Oceania Palau
95%
America del Sud Peru
95%
Oceania Samoa
95%
Asia Singapore
95%
Oceania Stati Federali di Micronesia
95%
Asia Timor Est
95%
Oceania Tonga
95%
Oceania Vanuatu
95%
Asia Vietnam
95%
Asia Brunei
91%
America del Nord Costa Rica
91%
America del Nord El Salvador
91%
America del Nord Honduras
91%
Oceania Kiribati
91%
Oceania Papua Nuova Guinea
91%
Asia Thailandia
91%
Nessun quiz corrispondente trovato
Distribuzione punteggi
Percentuale di utenti per punteggio
Percentile per numero di risposta
I tuoi punteggi nel tempo
Non hai fatto questo quiz